Stav a rozvoj technologických inkubátorov na Slovensku v podmienkach Lisabonskej stratégie SR
Postavenie technologických inkubátorov v hospodárstve SR. Postavenie výskumu a vývoja v rozvojovej stratégii SR. Vypracovanie Národného rozvojového plánu, ktorý sa týka rozvoja regionálnej stratégie. Kľúčové oblasti stratégie Slovenska: Informačná spoločnosť, Veda, výskum a inovácie, Vzdelávanie a z...
Enregistré dans:
| Auteur principal: | |
|---|---|
| Format: | Chapitre de livre |
| Langue: | slovaque |
| Sujets: | |
| Tags: |
Pas de tags, Soyez le premier à ajouter un tag!
|
MARC
| LEADER | 00000naa$a2200000$$$4500 | ||
|---|---|---|---|
| 001 | 0049378 | ||
| 005 | 20240502071554.0 | ||
| 041 | 0 | |a slo | |
| 044 | |a SK | ||
| 245 | 1 | 0 | |a Stav a rozvoj technologických inkubátorov na Slovensku v podmienkach Lisabonskej stratégie SR |c Miloslav Rosenberg |
| 520 | |a Postavenie technologických inkubátorov v hospodárstve SR. Postavenie výskumu a vývoja v rozvojovej stratégii SR. Vypracovanie Národného rozvojového plánu, ktorý sa týka rozvoja regionálnej stratégie. Kľúčové oblasti stratégie Slovenska: Informačná spoločnosť, Veda, výskum a inovácie, Vzdelávanie a zamestnanosť, Podnikateľské prostredie. Podporné finančné aktivity v oblasti rozvoja inkubátorov na Slovensku. Súčasný stav inkubátorov. | ||
| 610 | 2 | 0 | |a inkubátory podnikateľské |
| 610 | 2 | 0 | |a hospodárstvo národné |
| 610 | 2 | 0 | |a Slovensko |
| 610 | 2 | 0 | |a výskum |
| 610 | 2 | 0 | |a vývoj |
| 610 | 2 | 0 | |a regióny |
| 610 | 2 | 0 | |a stratégia hospodárska |
| 610 | 2 | 0 | |a Národný rozvojový plán |
| 100 | 1 | |a Rosenberg, Miloslav | |